| 000 | 00810nam a22002175i 4500 | ||
|---|---|---|---|
| 001 | 166391 | ||
| 003 | ES-MaACL | ||
| 005 | 20260316165934.0 | ||
| 008 | 050914s1889 fr | |||||||| ||fre d | ||
| 040 |
_aCAM _bspa _cCAM |
||
| 100 | 1 |
_aTolstói, Lev, _d1828-1910 _9110489 |
|
| 245 | 1 | 3 |
_aLe chant du cygne / _cComte Léon Tolstoï; traduit avec l'autorisatin de l'auteur par E. Halperine-Kaminsky. |
| 250 | _a2e éd. | ||
| 260 |
_aParis : _bPerrin et c\pie\s libraires-éditeurs, _c1889 ( _ePoitiers : _fImprimerie Blais, Roy et Cie) |
||
| 300 |
_a289 p. ; _c19 cm. |
||
| 700 | 1 |
_aGal'perin-Kaminskij, Il'â Danilovic, _d1858-1936 _etrad. _9127773 |
|
| 752 |
_aFrancia - _dParís |
||
| 852 |
_aES-MaACL _jF-9543 _z-- Enc. hol. conservando la cub. original |
||
| 999 |
_c166391 _d166391 |
||